000 02237cam a22004454i 4500
003 PE-LiUPU
005 20250731183401.0
008 17081 s2014 sp a r 000 0 spa d
020 _a8415492715
020 _a9788415492719
035 _a(Sirsi) a238087
040 _aPE-LiUPU
_bspa
_cPE-LiUPU
_erda
049 _aPRUA
082 0 4 _a725.8
_bK79
_222
100 1 _aKrauel, Jacobo,
_eautor.
245 1 0 _aEspacios para el bienestar /
_cJacobo Krauel.
264 1 _aBarcelona :
_bLinks,
_c2014.
300 _a239 páginas :
_bilustraciones ;
_c29 centimetros
336 _atext
_2rdacontent
337 _aunmediated
_2rdamedia
338 _avolume
_2rdacarrier
505 0 _aAtomic spa -- Cristiano cora -- B.institut -- Revel spa -- Peluquería ERIC Paris -- Salón de belleza ARKHE -- Salón de belleza y peluquería barbara reichard -- Wellness sky -- Kanebo sensai select spa -- Boa hair -- Balneario termas de tiberio -- Aquagranda livigno wellness park -- Salón de belleza sora -- Peluquería en bangkok -- Lodge -- New room -- Mars the spa boutique -- Piscina y spa para un hotel en castell dels hams -- SPA anne fontaine Paris -- Peluquería en unsolo espacio curvo -- Nuevo centro wellnes del hotel extrada nice -- Peluquería himmelblau -- Peluquería tieerra -- Mizu spa -- KIZUKI + LIM -- Peluquería bartek janusz -- Termas bad aibling.
526 _aP158
526 _aP146
526 _aP17
526 _aP12
526 _aP06
650 0 4 _aArquitectura moderna.
650 0 4 _aBalnearios.
650 0 4 _aGimnasios.
650 0 4 _aHidroterapia.
650 0 4 _aPeluqueria.
910 _ajck
_bjvq
_cjpc
_d2017081
942 _2ddc
_cBOOK
949 _a725.8 K79
_wDEWEY
_c1
_i76305
_lCATALOGING
_mBUL
_p67.00
_r0
_sY
_tBOOK
_u2017-08-1
_xINGENIERIA
_PP06
_0COMPRA
_o.CIRCNOTE. El documento es de alto precio.
_o.STAFF. Colección Ingeniería y Arquitectura
994 _aC0
_bPEPRU
596 _a1
999 _a725.8 K79
_wDEWEY
_c24795
_i76305
_d24795
_f2021-11-10
_g4
_lCCODEBUL1
_mBUL
_p67.00
_q1
_r0
_sY
_tBOOK
_u2017-8-1
_xINGENIERIA
_PP06
_0COMPRA
_o.STAFF. Colección Ingeniería y Arquitectura
980 _81
_gALBERTO SANCHEZ Responsable de Automatización